Relatos italianos del siglo XX / (Record no. 126187)

MARC details
000 -LEADER
campo de control de longitud fija 00746nam a2200205 i 4500
001 - NÚMERO DE CONTROL
campo de control 126187
003 - IDENTIFICADOR DE NÚMERO DE CONTROL
campo de control ES-MaACL
005 - FECHA Y HORA DE LA ÚLTIMA TRANSACCIÓN
campo de control 20250701021850.0
007 - CAMPO FIJO DE DESCRIPCIÓN FÍSICA--INFORMACIÓN GENERAL
campo de control de longitud fija t|
008 - DATOS DE LONGITUD FIJA--INFORMACIÓN GENERAL
campo de control de longitud fija 070214s1974 sp |||| | spa d
245 00 - MENCIÓN DEL TÍTULO
Título Relatos italianos del siglo XX /
Mención de responsabilidad, etc. prólogo, selección y notas bio-bibliográficas de Guido Davico Bonino ; [traductores: Mª Esther Benítez y José Antonio Sánchez Ferlosio].
260 ## - PUBLICACIÓN, DISTRIBUCIÓN, ETC.
Lugar de publicación, distribución, etc. Madrid :
Nombre del editor, distribuidor, etc. Alianza,
Fecha de publicación, distribución, etc. 1974.
300 ## - DESCRIPCIÓN FÍSICA
Extensión 461 p. ;
Dimensiones 18 cm.
650 #4 - PUNTO DE ACCESO ADICIONAL DE MATERIA--TÉRMINO DE MATERIA
Término de materia o nombre geográfico como elemento de entrada Cuentos italianos-
Subdivisión cronológica S.XX.
9 (RLIN) 166681
700 1# - ENTRADA AGREGADA--NOMBRE PERSONAL
Nombre de persona Davico Bonino, Guido.
9 (RLIN) 42864
700 1# - ENTRADA AGREGADA--NOMBRE PERSONAL
Nombre de persona Benítez, Esther,
Fechas asociadas al nombre 1937-2001
9 (RLIN) 27600
700 1# - ENTRADA AGREGADA--NOMBRE PERSONAL
Nombre de persona Sánchez Ferlosio, José Antonio.
9 (RLIN) 102632
852 ## - LOCALIZACIÓN
Ubicación ES-MaACL
Número de control de estantería C-56412
Holdings
Estatus retirado Estado de pérdida Estado de daño No para préstamo Biblioteca de origen Biblioteca actual Ubicación en estantería Fecha de adquisición Fuente de adquisición Total de préstamos Signatura topográfica completa Código de barras Visto por última vez Precio de reemplazo Tipo de ítem Koha
        Biblioteca del Ateneo de Madrid Biblioteca del Ateneo de Madrid Depósito 2 17/01/2008     C-56412 1131436 23/02/2023 23/02/2023 Libro impreso